Understanding contemporary modernity through the trends of therapy and life-ムskillsメ train (Record no. 94811)

000 -LEADER
fixed length control field 00442pab a2200169 454500
008 - FIXED-LENGTH DATA ELEMENTS--GENERAL INFORMATION
fixed length control field 180718b2012 xxu||||| |||| 00| 0 eng d
100 ## - MAIN ENTRY--PERSONAL NAME
Personal name ing.Lau, Raymond
245 ## - TITLE STATEMENT
Title Understanding contemporary modernity through the trends of therapy and life-ムskillsメ train
260 ## - PUBLICATION, DISTRIBUTION, ETC.
Date of publication, distribution, etc. 2012
300 ## - PHYSICAL DESCRIPTION
Extent ningp.81-
362 ## - DATES OF PUBLICATION AND/OR SEQUENTIAL DESIGNATION
Dates of publication and/or sequential designation Jan
650 ## - SUBJECT ADDED ENTRY--TOPICAL TERM
Topical term or geographic name entry element Trai
650 ## - SUBJECT ADDED ENTRY--TOPICAL TERM
Topical term or geographic name entry element W.K.Therapy
773 ## - HOST ITEM ENTRY
Main entry heading Current Sociology
908 ## - PUT COMMAND PARAMETER (RLIN)
Put command parameter 1
909 ## -
-- 94811
Holdings
Withdrawn status Lost status Damaged status Not for loan Permanent Location Current Location Date acquired Serial Enumeration / chronology Barcode Date last seen Price effective from Koha item type
        Indian Institute of Public Administration Indian Institute of Public Administration 2018-07-19 Volume no: 60, Issue no: 1 AR95271 2018-07-19 2018-07-19 Articles

Powered by Koha